00213nam a2200097Ia 4500008004100000100001900041245002400060260000900084942000700093999001500100190216s9999||||xx |||||||||||||| ||und|| aMasteerton W L 0aChemical Principles bNull cBK c2734d2734